书目信息 |
| 题名: |
生态经济
|
|
| 作者: | 梁洁, 著 | |
| 分册: | ||
| 出版信息: | 北京 中国社会科学出版社 2018.04 |
|
| 页数: | 224页 | |
| 开本: | 24cm | |
| 丛书名: | ||
| 单 册: | ||
| 中图分类: | F062.2 | |
| 科图分类: | ||
| 主题词: | 生态经济--sheng tai jing ji--研究 | |
| 电子资源: | ||
| ISBN: | 978-7-5203-2388-8 | |
| 000 | 01897nam0 2200301 450 | |
| 001 | 202019134146 | |
| 005 | 20191002113833.0 | |
| 010 | @a978-7-5203-2388-8@dCNY66.00 | |
| 099 | @aCAL 012018096871 | |
| 100 | @a20190928d2018 em y0chiy50 ea | |
| 101 | 0 | @achi |
| 102 | @aCN@b110000 | |
| 105 | @aak a 000yy | |
| 106 | @ar | |
| 200 | 1 | @a生态经济@Asheng tai jing ji@e从外生到内生的演化研究@f梁洁著 |
| 210 | @a北京@c中国社会科学出版社@d2018.04 | |
| 215 | @a224页@c图@d24cm | |
| 312 | @a英文题名取自封面 | |
| 314 | @a梁洁, 陕西韩城人, 管理学博士, 讲师, 现工作于中国矿业大学 (北京) 文法学院行政管理系。 | |
| 320 | @a有书目 (第198-222页) | |
| 330 | @a在全球能源环境危机日益恶化, 工业经济局限性逐渐显露的大背景下, 西方国家从理论和实践上探索了一种有别于工业经济的新经济形态, 即生态经济。该文以生态经济为研究对象, 按照“外生”与“内生”的研究视角, 对生态经济理论、政策与实践的演化发展进行了梳理。将20世纪60年代起发展至今的生态经济, 划分为产生、外生及内生三个发展阶段, 对各个阶段的理论、政策与实践进行了梳理, 并对中国生态经济从外生向内生的演化发展进行了梳理。生态经济的 “外生”与“内生”之核心差别主要体现在四个方面, 一是能源形态不同, 外生生态经济以不可再生能源为主要能源形态, 内生生态经济以可再生能源为主要能源形态 ; 二是资本形态不同, 外生生态经济认为人造资本是经济增长的稀缺性要素, 内生生态经济则认为自然资本具有稀缺性 ; 三是动力机制不同, 外生生态经济主要依靠政府等外部力量来推动, 内生生态经济则主要依靠市场机制等内部动力 ; 四是产生的财富结果不同, 外生生态经济通过各种手段消除外部效应, 是一种扣除财富的经济, 内生生态经济将生态环境内化为生产要素, 是真正实现财富增长的经济。 | |
| 510 | 1 | @aEcological economy@zeng |
| 517 | 1 | @a从外生到内生的演化研究@Acong wai sheng dao nei sheng de yan hua yan jiu |
| 606 | 0 | @a生态经济@Asheng tai jing ji@x研究 |
| 690 | @aF062.2@v5 | |
| 701 | 0 | @a梁洁,@Aliang jie@f1985-@4著 |
| 801 | 0 | @aCN@c20190905 |
| 905 | @a河南城建学院图书馆@dF062.2@eL400 | |
| 生态经济:从外生到内生的演化研究/梁洁著.-北京:中国社会科学出版社,2018.04 |
| 224页:图;24cm |
| ISBN 978-7-5203-2388-8:CNY66.00 |
| 在全球能源环境危机日益恶化, 工业经济局限性逐渐显露的大背景下, 西方国家从理论和实践上探索了一种有别于工业经济的新经济形态, 即生态经济。该文以生态经济为研究对象, 按照“外生”与“内生”的研究视角, 对生态经济理论、政策与实践的演化发展进行了梳理。将20世纪60年代起发展至今的生态经济, 划分为产生、外生及内生三个发展阶段, 对各个阶段的理论、政策与实践进行了梳理, 并对中国生态经济从外生向内生的演化发展进行了梳理。生态经济的 “外生”与“内生”之核心差别主要体现在四个方面, 一是能源形态不同, 外生生态经济以不可再生能源为主要能源形态, 内生生态经济以可再生能源为主要能源形态 ; 二是资本形态不同, 外生生态经济认为人造资本是经济增长的稀缺性要素, 内生生态经济则认为自然资本具有稀缺性 ; 三是动力机制不同, 外生生态经济主要依靠政府等外部力量来推动, 内生生态经济则主要依靠市场机制等内部动力 ; 四是产生的财富结果不同, 外生生态经济通过各种手段消除外部效应, 是一种扣除财富的经济, 内生生态经济将生态环境内化为生产要素, 是真正实现财富增长的经济。 |
| ● |
| 相关链接 |
|
|
|
正题名:生态经济
索取号:F062.2/L400
 
预约/预借
| 序号 | 登录号 | 条形码 | 馆藏地/架位号 | 状态 | 备注 |
| 1 | 1441923 | 214419235 | 社科库409/409社科库 64排3列5层/ [索取号:F062.2/L400] | 在馆 | |
| 2 | 1441924 | 214419244 | 社科库409/409社科库 64排3列5层/ [索取号:F062.2/L400] | 在馆 |